MARC details
| 000 -LÍDER |
| campo de controle de tamanho fixo |
01401nam a2200337 4500 |
| 001 - NÚMERO DE CONTROLE |
| campo de controle |
209 |
| 003 - IDENTIFICADOR DO NÚMERO DE CONTROLE |
| campo de controle |
OSt |
| 005 - DATA E HORÁRIO DA ÚLTIMA TRANSAÇÃO |
| campo de controle |
20250528074014.0 |
| 008 - CAMPO DE DADOS FIXOS--INFORMAÇÃO GERAL |
| campo de controle de tamanho fixo |
250203b |||||||g |||| 00| 1 eng d |
| 020 ## - ISBN - INTERNATIONAL STANDARD BOOK NUMBER |
| ISBN - International Standard Book Number |
8508047290 |
| 040 ## - FONTE DA CATALOGAÇÃO |
| Idioma da catalogação |
por |
| 041 ## - CÓDIGO DE IDIOMA |
| Código do idioma do original e/ou traduções intermediárias do texto |
eng |
| Código do idioma do texto/trilha sonora ou título diferente |
por |
| 082 ## - CDD - CLASSIFICAÇÃO DECIMAL DE DEWEY |
| Número de Classificação |
823 |
| Número do exemplar |
D754e |
| 100 1# - ENTRADA PRINCIPAL--NOME PESSOAL |
| Nome pessoal |
Doyle, Arthur Conan, |
| Datas associadas ao nome |
1859-1930 |
| 9 (RLIN) |
388 |
| 240 ## - TÍTULO UNIFORME |
| Título uniforme |
A study in scarlet |
| 245 ## - TÍTULO |
| Título |
Um estudo em vermelho / |
| Indicação de responsabilidade, etc. |
Doyle, Arthur Conan ; Tradução de Heloisa Jahn |
| 260 ## - PUBLICAÇÃO, DISTRIBUIÇÃO, ETC. |
| Local de publicação, distribuição, etc. |
São Paulo |
| Nome do editor, distribuidor, etc. |
Ática |
| Data da publicação, distribuição, etc. |
1998 |
| 300 ## - DESCRIÇÃO FÍSICA |
| Extensão |
151 p. |
| 520 ## - NOTA DE RESUMO, ETC. |
| Resumo, etc. |
O cadáver de um homem, nenhuma razão para o crime. É a primeira investigação de Sherlock Holmes, que fareja o assassino como um “cão de caça”. Lamentava-se de que “não há mais crimes nem criminosos nos nossos dias”, quando, nesse instante, recebe uma carta a pedir a sua ajuda — o cadáver de um homem foi encontrado numa casa desabitada, mas não há qualquer indício de roubo ou da natureza da morte. Sherlock Holmes não resiste ao apelo, mas sabe que o mérito irá sempre para a Polícia |
| 650 #0 - ASSUNTO--TERMO TÓPICO |
| Cabeçalho tópico ou nome geográfico |
Literatura Inglesa |
| 9 (RLIN) |
89 |
| 650 #0 - ASSUNTO--TERMO TÓPICO |
| Cabeçalho tópico ou nome geográfico |
Crime e Investigação |
| 9 (RLIN) |
13 |
| 650 #0 - ASSUNTO--TERMO TÓPICO |
| Cabeçalho tópico ou nome geográfico |
Romance Policial |
| 9 (RLIN) |
11 |
| 650 #0 - ASSUNTO--TERMO TÓPICO |
| Cabeçalho tópico ou nome geográfico |
Suspense |
| 9 (RLIN) |
10 |
| 650 #0 - ASSUNTO--TERMO TÓPICO |
| Cabeçalho tópico ou nome geográfico |
Mistério |
| 9 (RLIN) |
42 |
| 650 #0 - ASSUNTO--TERMO TÓPICO |
| Cabeçalho tópico ou nome geográfico |
Clássicos |
| 9 (RLIN) |
77 |
| 650 #0 - ASSUNTO--TERMO TÓPICO |
| Cabeçalho tópico ou nome geográfico |
Filme |
| 9 (RLIN) |
26 |
| 655 #0 - TERMO DE ÍNDICE--GÊNERO E FORMA |
| Gênero/forma/ou termo foco |
Romance |
| 655 #0 - TERMO DE ÍNDICE--GÊNERO E FORMA |
| Gênero/forma/ou termo foco |
Ficção |
| 700 ## - ENTRADA ADICIONADA - NOME PESSOAL |
| Nome pessoal |
Heloisa Jahn |
| Função do autor por extenso |
Tradutor |
| 9 (RLIN) |
392 |
| 942 ## - ELEMENTOS DE ENTRADA ADICIONADOS (KOHA) |
| Fonte de classificação ou esquema de arquivamento |
Classificação decimal de Dewey |
| Ocultar no OPAC |
Não |
| Tipo de material Koha |
Livros |